[Event "Hastings International Chess Congress"]
[Site "?"]
[Date "2014.12.29"]
[Round "1.17"]
[White "Hunt, Adam C"]
[Black "Talsma, Paul"]
[Result "1-0"]
[LiveChessVersion "1.4.4"]
[BlackElo "2186"]
[WhiteElo "2437"]

1. e4 {[%clk 1:40:48]} e5 {[%clk 1:40:55]} 2. Nf3 {[%clk 1:41:00]} Nc6
{[%clk 1:41:20]} 3. Bb5 {[%clk 1:41:11]} a6 {[%clk 1:41:44]} 4. Ba4
{[%clk 1:41:28]} Nf6 {[%clk 1:42:00]} 5. O-O {[%clk 1:41:27]} Nxe4
{[%clk 1:42:23]} 6. d4 {[%clk 1:41:40]} b5 {[%clk 1:42:23]} 7. Bb3
{[%clk 1:42:01]} d5 {[%clk 1:42:45]} 8. dxe5 {[%clk 1:42:21]} Be6
{[%clk 1:43:09]} 9. Nbd2 {[%clk 1:42:42]} Nc5 {[%clk 1:43:25]} 10. c3
{[%clk 1:43:05]} Bf5 {[%clk 1:43:42]} 11. Bc2 {[%clk 1:41:26]} Bxc2
{[%clk 1:42:11]} 12. Qxc2 {[%clk 1:41:54]} d4 {[%clk 1:42:31]} 13. cxd4
{[%clk 1:41:09]} Nxd4 {[%clk 1:42:47]} 14. Nxd4 {[%clk 1:41:30]} Qxd4
{[%clk 1:43:14]} 15. a4 {[%clk 1:41:49]} b4 {[%clk 1:26:24]} 16. Nc4
{[%clk 1:40:01]} Qd3 {[%clk 1:21:33]} 17. Qxd3 {[%clk 1:35:47]} Nxd3
{[%clk 1:21:56]} 18. Be3 {[%clk 1:32:24]} Be7 {[%clk 1:12:38]} 19. Rfd1
{[%clk 1:26:48]} O-O-O {[%clk 1:11:29]} 20. Rd2 {[%clk 1:17:14]} Rd5
{[%clk 1:04:48]} 21. Rad1 {[%clk 1:10:41]} Rhd8 {[%clk 1:04:47]} 22. Kf1
{[%clk 1:06:11]} Bc5 {[%clk 0:52:16]} 23. Ke2 {[%clk 1:03:22]} Bxe3
{[%clk 0:52:27]} 24. fxe3 {[%clk 1:01:20]} 1-0

[Event "Hastings International Chess Congress"]
[Site "?"]
[Date "2014.12.29"]
[Round "1.18"]
[White "Flear, Christine"]
[Black "Galyas, Miklos"]
[Result "0-1"]
[LiveChessVersion "1.4.4"]
[BlackElo "2428"]
[WhiteElo "2181"]

1. d4 d6 2. g3 g6 3. Bg2 Bg7 4. Nf3 f5 5. O-O Nf6 6. c3 O-O 7. Qb3+ e6 8. Ng5 d5
9. Nf3 b6 10. Bf4 Ba6 11. Re1 Ne4 12. Nbd2 h6 13. Nxe4 fxe4 14. Nd2 g5 15. Be3
Nd7 16. f3 Nf6 17. Bh3 g4 18. fxg4 Qe8 19. Bf4 c6 20. Qa3 Bb5 21. g5 hxg5 22.
Bxg5 Qg6 23. Bxe6+ Kh8 24. Bh4 Nh5 25. Bh3 Nf4 26. Bf1 Qh6 27. e3 Ne2+ 28. Rxe2
Bxe2 29. c4 Bd3 30. Re1 Bxd4 31. exd4 Qxd2 32. Qd6 Rf7 33. Qg6 Raf8 34. Qh5+ Kg8
35. Qg6+ Rg7 36. Qe6+ Rff7 37. g4 Rxg4+ 38. Qxg4+ Rg7 39. Qxg7+ Kxg7 40. cxd5
Bxf1 41. Rxf1 Qxd4+ 42. Kg2 cxd5 0-1

[Event "Hastings International Chess Congress"]
[Site "?"]
[Date "2014.12.29"]
[Round "1.20"]
[White "Jaunooby, Ali R"]
[Black "Ashton, Adam G"]
[Result "0-1"]
[LiveChessVersion "1.4.4"]
[BlackElo "2398"]
[WhiteElo "2175"]

1. d4 {[%clk 1:21:43]} Nf6 {[%clk 1:35:58]} 2. Bf4 {[%clk 1:20:57]} d5
{[%clk 1:29:22]} 3. e3 {[%clk 1:20:43]} c5 {[%clk 1:29:19]} 4. c3
{[%clk 1:20:14]} Nc6 {[%clk 1:29:34]} 5. Nf3 {[%clk 1:18:59]} Qb6
{[%clk 1:28:54]} 6. Na3 {[%clk 1:16:52]} c4 {[%clk 1:24:45]} 7. Qc1
{[%clk 1:16:17]} Bf5 {[%clk 1:23:14]} 8. b3 {[%clk 1:16:19]} cxb3
{[%clk 1:18:00]} 9. axb3 {[%clk 1:13:29]} Rc8 {[%clk 1:11:39]} 10. Nh4
{[%clk 1:13:10]} Bd7 {[%clk 1:05:44]} 11. Bd3 {[%clk 0:53:52]} Nh5
{[%clk 0:45:29]} 12. Bg3 {[%clk 0:49:11]} Nxg3 {[%clk 0:43:03]} 13. hxg3
{[%clk 0:31:33]} e5 {[%clk 0:42:25]} 14. f3 exd4 {[%clk 0:39:34]} 15. exd4
{[%clk 0:24:49]} Nxd4 {[%clk 0:36:15]} 16. Qe3+ {[%clk 0:24:58]} Qe6
{[%clk 0:35:11]} 17. Qxe6+ {[%clk 0:24:25]} Nxe6 {[%clk 0:35:35]} 18. Nb1
{[%clk 0:22:21]} a6 {[%clk 0:33:51]} 19. Kd2 {[%clk 0:14:41]} d4 {[%clk 0:29:46]}
20. c4 {[%clk 0:13:07]} Nc5 {[%clk 0:27:23]} 21. Bc2 {[%clk 0:09:42]} d3
{[%clk 0:27:43]} 22. Bd1 {[%clk 0:09:59]} g5 {[%clk 0:27:14]} 23. b4
{[%clk 0:09:57]} gxh4 {[%clk 0:25:48]} 24. bxc5 {[%clk 0:10:20]} hxg3
{[%clk 0:25:03]} 25. Nc3 {[%clk 0:08:37]} Rxc5 {[%clk 0:20:26]} 26. Kxd3
{[%clk 0:05:19]} Bg7 {[%clk 0:19:23]} 27. Ne4 {[%clk 0:03:53]} Bf5
{[%clk 0:19:26]} 28. Rb1 {[%clk 0:03:18]} Rc7 {[%clk 0:16:47]} 29. Ke3
{[%clk 0:02:07]} O-O {[%clk 0:15:57]} 30. Nxg3 {[%clk 0:01:20]} Bxb1
{[%clk 0:16:03]} 0-1

[Event "Hastings International Chess Congress"]
[Site "?"]
[Date "2014.12.29"]
[Round "1.21"]
[White "Sowray, Peter J"]
[Black "Snape, Ian L"]
[Result "1/2-1/2"]
[LiveChessVersion "1.4.4"]
[BlackElo "2162"]
[WhiteElo "2365"]

1. d4 d6 2. c4 e5 3. d5 f5 4. e4 fxe4 5. Nc3 Nf6 6. Nge2 Nbd7 7. Ng3 Nc5 8. b4
Nd3+ 9. Bxd3 exd3 10. Qxd3 Be7 11. O-O O-O 12. Bb2 c6 13. Rad1 a5 14. dxc6 axb4
15. cxb7 Bxb7 16. Nb5 Rxa2 17. Qb3 Qa8 18. Nf5 Bd8 19. Rxd6 Bxg2 20. Rfd1 Rxb2
21. Qxb2 Bh3 22. Ne3 Ng4 23. R6d5 Nxf2 24. Qxf2 Bb6 25. Qg3 Qa2 26. c5 Be6 27.
Rxe5 Bd8 28. Nd4 Bc7 29. Nef5 Bxf5 30. Nxf5 Bxe5 31. Qxe5 Qf7 32. Qd5 Qxd5 33.
Ne7+ Kf7 34. Nxd5 b3 35. Rf1+ Ke8 36. Rb1 Rf5 37. Ne3 Rxc5 38. Rxb3 Kf7 39. Kf2
h5 40. Rb6 g6 41. Kf3 Kg7 42. Rd6 Ra5 43. Rc6 Ra2 44. h4 Rh2 45. Ng2 Rh3+ 46. Kf4
Ra3 47. Ne3 Rb3 48. Re6 Kf7 49. Re5 Rb1 50. Nd5 Rf1+ 51. Kg5 Rg1+ 52. Kh6 Rg4 53.
Re7+ Kf8 54. Rd7 Rxh4 55. Nf6 Rh1 56. Nh7+ Ke8 57. Nf6+ Kf8 58. Kxg6 Rg1+ 59. Kf5
Rf1+ 60. Ke5 h4 61. Rh7 h3 62. Ng4 Re1+ 63. Kf6 Rf1+ 64. Ke6 Ra1 65. Rh8+ Kg7 66.
Rxh3 Ra6+ 67. Kf5 Rb6 68. Ra3 Rb1 69. Ra7+ Kf8 70. Ne5 Ke8 71. Nc4 Rc1 72. Ke6
Kf8 73. Rf7+ Kg8 74. Ne5 Re1 75. Rf3 Ra1 76. Rg3+ Kh7 77. Nd7 Kh6 78. Ne5 Ra2 79.
Kf6 Ra6+ 80. Kf5 Ra5 81. Rg6+ Kh7 82. Rc6 Ra1 83. Rc7+ Kg8 84. Rd7 Kf8 85. Ng6+
Ke8 86. Rd5 Kf7 87. Ne5+ Ke8 88. Nc4 Ke7 89. Ne3 Ra3 90. Kf4 Ke6 91. Rd4 Ra1 92.
Ke4 Rh1 93. Rd2 Rh4+ 94. Kf3 Ra4 95. Rh2 Rb4 96. Rh6+ Kf7 97. Nf5 Ra4 98. Ke3 Rb4
99. Nd4 Rb1 100. Ke4 Ra1 101. Rb6 Ra5 102. Nc6 Ra1 103. Ne5+ Ke7 104. Nd3 Ra5
105. Nb4 Ra1 106. Nd5+ Kd7 107. Rh6 Re1+ 108. Kf5 Ra1 109. Nb4 Ra5+ 110. Ke4 Ra1
111. Nd3 Ra5 112. Ne5+ Kc7 113. Rh7+ Kc8 114. Rh8+ 1/2-1/2

[Event "Hastings International Chess Congress"]
[Site "?"]
[Date "2014.12.29"]
[Round "1.22"]
[White "Rayner, Francis"]
[Black "Jackson, James P"]
[Result "0-1"]
[LiveChessVersion "1.4.4"]
[BlackElo "2356"]
[WhiteElo "2148"]

1. c4 {[%clk 1:40:56]} Nf6 {[%clk 1:40:23]} 2. Nf3 {[%clk 1:41:01]} g6
{[%clk 1:36:24]} 3. g3 {[%clk 1:40:34]} Bg7 {[%clk 1:36:48]} 4. Bg2
{[%clk 1:40:56]} O-O {[%clk 1:37:09]} 5. O-O {[%clk 1:41:02]} d6 {[%clk 1:37:35]}
6. d4 {[%clk 1:40:26]} Nbd7 {[%clk 1:37:16]} 7. Qc2 {[%clk 1:40:07]} e5
{[%clk 1:26:28]} 8. Rd1 {[%clk 1:40:18]} Qe7 {[%clk 1:18:26]} 9. Nc3
{[%clk 1:38:25]} c6 {[%clk 1:17:27]} 10. b3 {[%clk 1:38:11]} Re8 {[%clk 1:11:02]}
11. Ba3 {[%clk 1:27:47]} e4 {[%clk 1:06:38]} 12. Ng5 {[%clk 1:23:39]} e3
{[%clk 1:06:28]} 13. f3 {[%clk 1:24:01]} Nf8 {[%clk 1:01:37]} 14. Nge4
{[%clk 1:19:17]} Nxe4 {[%clk 0:45:31]} 15. Qxe4 {[%clk 1:14:57]} Qd8
{[%clk 0:39:54]} 16. Qf4 {[%clk 1:12:20]} d5 {[%clk 0:35:26]} 17. cxd5
{[%clk 1:07:48]} cxd5 {[%clk 0:35:54]} 18. Qd6 {[%clk 1:03:17]} Ne6
{[%clk 0:31:44]} 19. Rac1 {[%clk 0:52:11]} Qxd6 {[%clk 0:31:03]} 20. Bxd6
{[%clk 0:51:34]} Nxd4 {[%clk 0:31:19]} 21. Kf1 {[%clk 0:45:07]} Be6
{[%clk 0:17:59]} 22. Bc5 {[%clk 0:42:21]} Nf5 {[%clk 0:18:17]} 23. Nxd5
{[%clk 0:41:51]} Rac8 {[%clk 0:18:14]} 24. g4 {[%clk 0:33:12]} Bxd5
{[%clk 0:18:15]} 25. Rxd5 {[%clk 0:32:58]} Nd4 {[%clk 0:14:53]} 26. Rc4
{[%clk 0:31:34]} b5 {[%clk 0:10:09]} 27. Rc1 {[%clk 0:31:19]} Bf8
{[%clk 0:08:10]} 28. b4 {[%clk 0:30:55]} Bxc5 {[%clk 0:07:13]} 29. bxc5
{[%clk 0:30:20]} Ne6 {[%clk 0:07:33]} 30. c6 {[%clk 0:29:39]} Nf4
{[%clk 0:06:05]} 31. Rxb5 {[%clk 0:29:38]} Red8 {[%clk 0:06:15]} 32. Rbc5
{[%clk 0:26:44]} Rd2 {[%clk 0:05:26]} 33. R5c2 {[%clk 0:23:48]} Nxe2
{[%clk 0:03:49]} 34. f4 {[%clk 0:18:11]} Nxc1 {[%clk 0:04:10]} 35. Rxc1
{[%clk 0:18:13]} Rd4 {[%clk 0:03:09]} 36. Ke2 {[%clk 0:16:39]} Rd2+
{[%clk 0:03:10]} 37. Kf3 {[%clk 0:15:01]} e2 {[%clk 0:03:22]} 0-1

[Event "Hastings International Chess Congress"]
[Site "?"]
[Date "2014.12.29"]
[Round "1.23"]
[White "Bates, Richard A"]
[Black "Hackner, Oskar A"]
[Result "1-0"]
[LiveChessVersion "1.4.4"]
[BlackElo "2145"]
[WhiteElo "2349"]

1. d4 {[%clk 1:40:36]} Nf6 {[%clk 1:40:54]} 2. c4 {[%clk 1:40:58]} e6
{[%clk 1:41:20]} 3. g3 {[%clk 1:40:50]} d5 {[%clk 1:41:31]} 4. Nf3
{[%clk 1:40:25]} dxc4 {[%clk 1:41:10]} 5. Bg2 {[%clk 1:40:19]} c5
{[%clk 1:41:13]} 6. O-O {[%clk 1:40:23]} Nc6 {[%clk 1:40:16]} 7. dxc5
{[%clk 1:39:21]} Qxd1 {[%clk 1:37:42]} 8. Rxd1 {[%clk 1:39:45]} Bxc5
{[%clk 1:38:07]} 9. Nbd2 {[%clk 1:39:30]} Bd7 {[%clk 1:32:23]} 10. Nxc4
{[%clk 1:38:30]} Ke7 {[%clk 1:30:46]} 11. Bf4 {[%clk 1:24:12]} Nd5
{[%clk 1:30:32]} 12. Nfe5 {[%clk 1:19:12]} Nxe5 {[%clk 0:35:29]} 13. Bxe5
{[%clk 1:07:11]} Bc6 {[%clk 0:32:46]} 14. Bxg7 {[%clk 1:05:41]} Rhg8
{[%clk 0:27:37]} 15. Bd4 {[%clk 1:03:57]} Bxd4 {[%clk 0:27:55]} 16. Rxd4
{[%clk 1:04:18]} b6 {[%clk 0:23:01]} 17. Ne5 {[%clk 1:01:31]} Bb7
{[%clk 0:23:23]} 18. Bxd5 {[%clk 1:01:18]} Bxd5 {[%clk 0:20:25]} 19. e4
{[%clk 1:01:13]} f6 {[%clk 0:20:49]} 20. exd5 {[%clk 0:59:18]} fxe5
{[%clk 0:21:12]} 21. Re4 {[%clk 0:58:34]} Rg5 {[%clk 0:16:26]} 22. dxe6
{[%clk 0:56:42]} Rd8 {[%clk 0:15:40]} 23. Rae1 {[%clk 0:56:25]} Rd5
{[%clk 0:15:58]} 24. f4 {[%clk 0:51:04]} exf4 {[%clk 0:16:13]} 25. Rxf4
{[%clk 0:51:30]} Rg7 {[%clk 0:15:47]} 26. Rc4 {[%clk 0:47:41]} Rc5
{[%clk 0:12:04]} 27. Rxc5 {[%clk 0:47:03]} bxc5 {[%clk 0:12:28]} 28. Re5
{[%clk 0:46:00]} c4 {[%clk 0:12:13]} 29. Re4 {[%clk 0:44:37]} h5 {[%clk 0:11:52]}
30. Kg2 {[%clk 0:42:04]} Rg5 {[%clk 0:09:50]} 31. Rxc4 {[%clk 0:41:44]} Ra5
{[%clk 0:09:51]} 32. a4 {[%clk 0:35:27]} Kxe6 {[%clk 0:09:48]} 33. Kh3
{[%clk 0:34:20]} Kf6 {[%clk 0:08:07]} 34. Rb4 {[%clk 0:30:58]} Kg6
{[%clk 0:08:23]} 35. b3 {[%clk 0:31:04]} a6 {[%clk 0:06:43]} 36. Kh4
{[%clk 0:29:41]} Kh6 {[%clk 0:06:45]} 37. Rb6+ {[%clk 0:29:21]} Kh7
{[%clk 0:07:07]} 38. h3 {[%clk 0:29:07]} Kg7 {[%clk 0:07:20]} 39. g4
{[%clk 0:29:25]} hxg4 {[%clk 0:07:43]} 40. hxg4 {[%clk 0:29:52]} Kh7
{[%clk 0:07:06]} 41. g5 {[%clk 0:29:32]} Rd5 {[%clk 5:06:00]} 42. Rxa6
{[%clk 0:28:32]} Rd4+ {[%clk 0:05:35]} 43. Kh5 {[%clk 0:28:54]} Rb4
{[%clk 0:05:58]} 44. Ra7+ {[%clk 0:29:19]} Kg8 {[%clk 0:06:24]} 45. Kh6
{[%clk 0:27:50]} Rxb3 {[%clk 0:06:31]} 46. Ra8+ {[%clk 0:28:14]} Kf7
{[%clk 0:06:50]} 47. g6+ {[%clk 0:28:12]} Kf6 {[%clk 0:07:14]} 48. Rf8+
{[%clk 0:25:31]} Ke7 {[%clk 0:06:55]} 49. Rf4 {[%clk 0:24:20]} Rh3+
{[%clk 0:07:11]} 50. Kg7 {[%clk 0:24:00]} Rg3 {[%clk 0:07:17]} 51. Re4+
{[%clk 0:24:23]} Kd7 {[%clk 0:07:37]} 52. Kh7 {[%clk 0:24:44]} Rh3+
{[%clk 0:07:59]} 53. Kg8 {[%clk 0:25:06]} Rg3 {[%clk 0:08:19]} 54. g7
{[%clk 0:25:25]} Rg1 {[%clk 0:08:31]} 55. Kh7 {[%clk 0:25:03]} Rh1+
{[%clk 0:08:54]} 56. Kg6 {[%clk 0:25:29]} Rg1+ {[%clk 0:09:17]} 57. Kh6
{[%clk 0:25:09]} Rg2 {[%clk 0:08:45]} 58. Rh4 {[%clk 0:25:21]} 1-0

[Event "Hastings International Chess Congress"]
[Site "?"]
[Date "2014.12.29"]
[Round "1.24"]
[White "Reinwald, Patrick"]
[Black "Mannion, Stephen R"]
[Result "1-0"]
[LiveChessVersion "1.4.4"]
[BlackElo "2345"]
[WhiteElo "2144"]

1. e4 {[%clk 1:40:55]} e5 {[%clk 1:40:51]} 2. Nf3 {[%clk 1:41:18]} Nc6
{[%clk 1:41:16]} 3. d4 {[%clk 1:41:40]} exd4 {[%clk 1:41:38]} 4. Nxd4
{[%clk 1:41:57]} Nf6 {[%clk 1:42:02]} 5. Nxc6 {[%clk 1:40:49]} bxc6
{[%clk 1:42:23]} 6. e5 {[%clk 1:41:15]} Qe7 {[%clk 1:42:42]} 7. Qe2
{[%clk 1:41:40]} Nd5 {[%clk 1:43:01]} 8. c4 {[%clk 1:41:22]} Ba6 {[%clk 1:43:22]}
9. Nd2 {[%clk 1:39:51]} O-O-O {[%clk 1:41:45]} 10. b3 {[%clk 1:37:37]} Re8
{[%clk 1:40:29]} 11. Bb2 {[%clk 1:37:22]} f6 {[%clk 1:39:55]} 12. Qe4
{[%clk 1:33:56]} Nb6 {[%clk 1:36:45]} 13. f4 {[%clk 1:29:04]} Bb7
{[%clk 1:24:47]} 14. O-O-O {[%clk 1:28:25]} fxe5 {[%clk 1:18:26]} 15. fxe5
{[%clk 1:27:28]} g6 {[%clk 1:16:50]} 16. h4 {[%clk 1:04:29]} Bg7 {[%clk 1:15:10]}
17. h5 {[%clk 0:59:23]} g5 {[%clk 1:11:32]} 18. h6 {[%clk 0:55:24]} Bxe5
{[%clk 1:09:04]} 19. Qxe5 {[%clk 0:54:35]} Qxe5 {[%clk 1:09:31]} 20. Bxe5
{[%clk 0:54:56]} Rxe5 {[%clk 1:09:58]} 21. Nf3 {[%clk 0:55:14]} Ra5
{[%clk 1:08:49]} 22. Rh5 {[%clk 0:52:04]} Rxa2 {[%clk 1:04:23]} 23. Rxg5
{[%clk 0:52:14]} d5 {[%clk 1:04:14]} 24. Bd3 {[%clk 0:49:05]} Ba6
{[%clk 1:02:45]} 25. Kb1 {[%clk 0:44:21]} Rf2 {[%clk 0:58:30]} 26. Rd2
{[%clk 0:44:37]} Rxd2 {[%clk 0:17:05]} 27. Nxd2 {[%clk 0:45:01]} Kd8
{[%clk 0:12:10]} 28. Rg7 {[%clk 0:43:51]} dxc4 {[%clk 0:12:05]} 29. bxc4
{[%clk 0:38:10]} Bc8 {[%clk 0:12:31]} 30. g4 {[%clk 0:34:48]} Nd7
{[%clk 0:09:06]} 31. g5 {[%clk 0:26:26]} Nf8 {[%clk 0:08:30]} 32. Nf3
{[%clk 0:23:38]} Bd7 {[%clk 0:06:00]} 33. Ne5 {[%clk 0:23:07]} Be8
{[%clk 0:06:25]} 34. Bf5 {[%clk 0:22:27]} c5 {[%clk 0:06:03]} 35. Kb2
{[%clk 0:22:30]} a5 {[%clk 0:04:24]} 36. Kb3 {[%clk 0:21:37]} Ng6
{[%clk 0:02:01]} 37. Bxg6 {[%clk 0:21:26]} hxg6 {[%clk 0:02:14]} 38. Nf7+
{[%clk 0:21:24]} Bxf7 {[%clk 0:02:33]} 39. Rxf7 {[%clk 0:21:47]} Kc8
{[%clk 0:02:05]} 40. Rg7 {[%clk 0:21:30]} Kb7 {[%clk 0:02:20]} 41. Rxg6
{[%clk 0:21:44]} Re8 {[%clk 0:01:37]} 42. h7 {[%clk 0:21:53]} Rh8
{[%clk 0:00:42]} 43. Rh6 {[%clk 0:22:13]} Kc6 1-0

[Event "Hastings International Chess Congress"]
[Site "?"]
[Date "2014.12.29"]
[Round "1.25"]
[White "Wallner, Joachim"]
[Black "Burrows, Martin P"]
[Result "1-0"]
[LiveChessVersion "1.4.4"]
[BlackElo "2128"]
[WhiteElo "2340"]

1. Nf3 {[%clk 1:40:57]} Nf6 {[%clk 1:37:05]} 2. b3 {[%clk 1:40:54]} d5
{[%clk 1:37:14]} 3. Bb2 {[%clk 1:41:20]} e6 {[%clk 1:37:09]} 4. e3
{[%clk 1:40:49]} c5 {[%clk 1:36:48]} 5. d4 {[%clk 1:37:14]} Bd6 {[%clk 1:35:37]}
6. Nbd2 {[%clk 1:35:53]} cxd4 {[%clk 1:34:37]} 7. exd4 {[%clk 1:36:17]} Nc6
{[%clk 1:29:39]} 8. Bd3 {[%clk 1:25:51]} O-O {[%clk 1:29:40]} 9. O-O
{[%clk 1:25:34]} Qc7 {[%clk 1:22:41]} 10. c4 {[%clk 1:25:20]} dxc4
{[%clk 1:14:32]} 11. bxc4 {[%clk 1:23:16]} b6 {[%clk 1:13:37]} 12. Re1
{[%clk 1:20:30]} Bb7 {[%clk 1:11:29]} 13. d5 {[%clk 1:10:03]} Nb4
{[%clk 1:04:17]} 14. Bb1 {[%clk 1:10:20]} Ng4 {[%clk 0:46:17]} 15. h3
{[%clk 0:53:33]} Nxf2 {[%clk 0:45:38]} 16. Kxf2 {[%clk 0:53:58]} Bg3+
{[%clk 0:41:24]} 17. Kg1 {[%clk 0:53:13]} Bxe1 {[%clk 0:40:32]} 18. Qxe1
{[%clk 0:53:38]} Qf4 {[%clk 0:35:10]} 19. Be5 {[%clk 0:53:15]} Qh6
{[%clk 0:32:14]} 20. Bd6 {[%clk 0:46:22]} Rfe8 {[%clk 0:32:28]} 21. Bxb4
{[%clk 0:46:09]} exd5 {[%clk 0:32:50]} 22. Qg3 {[%clk 0:35:41]} dxc4
{[%clk 0:26:48]} 23. Ng5 {[%clk 0:34:36]} g6 {[%clk 0:20:47]} 24. Be4
{[%clk 0:31:56]} 1-0

[Event "Hastings International Chess Congress"]
[Site "?"]
[Date "2014.12.29"]
[Round "1.26"]
[White "Sugden, John N"]
[Black "Longson, Alexander"]
[Result "0-1"]
[LiveChessVersion "1.4.4"]
[BlackElo "2339"]
[WhiteElo "2105"]

1. d4 {[%clk 1:39:58]} d5 {[%clk 1:40:52]} 2. c4 {[%clk 1:39:41]} e6
{[%clk 1:41:18]} 3. Nc3 {[%clk 1:39:48]} c6 {[%clk 1:41:34]} 4. cxd5
{[%clk 1:38:48]} exd5 {[%clk 1:41:58]} 5. Bf4 {[%clk 1:38:26]} Nf6
{[%clk 1:35:52]} 6. e3 {[%clk 1:38:03]} Bf5 {[%clk 1:34:15]} 7. Bd3
{[%clk 1:36:19]} Bxd3 {[%clk 1:30:19]} 8. Qxd3 {[%clk 1:36:35]} Bd6
{[%clk 1:30:31]} 9. Nge2 {[%clk 1:32:10]} Bxf4 {[%clk 1:28:26]} 10. Nxf4
{[%clk 1:30:56]} a5 {[%clk 1:24:55]} 11. O-O {[%clk 1:28:39]} O-O
{[%clk 1:23:11]} 12. f3 {[%clk 1:23:53]} Na6 {[%clk 0:58:47]} 13. Rad1
{[%clk 1:17:34]} Qb6 {[%clk 0:49:49]} 14. Qd2 {[%clk 1:12:33]} Rfe8
{[%clk 0:48:21]} 15. Rfe1 {[%clk 1:12:08]} Re7 {[%clk 0:42:35]} 16. Nd3
{[%clk 1:04:40]} Rae8 {[%clk 0:40:52]} 17. Kh1 {[%clk 0:58:24]} Qd8
{[%clk 0:40:52]} 18. Nf2 {[%clk 0:58:24]} c5 {[%clk 0:40:52]} 19. dxc5 Nxc5
{[%clk 0:26:52]} 20. Nxd5 {[%clk 0:43:06]} Nxd5 {[%clk 0:23:01]} 21. Qxd5
{[%clk 0:42:09]} Qb6 {[%clk 0:22:00]} 22. Qd2 {[%clk 0:38:17]} h6
{[%clk 0:19:05]} 23. e4 {[%clk 0:33:53]} a4 {[%clk 0:17:32]} 24. Rc1
{[%clk 0:28:03]} Ne6 {[%clk 0:16:04]} 25. Re3 {[%clk 0:14:18]} Rd8
{[%clk 0:12:40]} 26. Rd3 {[%clk 0:13:57]} Rxd3 {[%clk 0:12:12]} 27. Nxd3
{[%clk 0:14:18]} Rd7 {[%clk 0:11:47]} 28. Qe2 {[%clk 0:09:53]} Qd4
{[%clk 0:06:07]} 29. Ne1 {[%clk 0:05:49]} Qd2 {[%clk 0:03:54]} 30. Qxd2
{[%clk 0:04:12]} Rxd2 {[%clk 0:04:23]} 31. Rb1 {[%clk 0:04:33]} Nd4
{[%clk 0:02:44]} 32. Kg1 {[%clk 0:04:26]} b5 {[%clk 0:02:41]} 33. a3
{[%clk 0:03:47]} g5 {[%clk 0:02:54]} 34. Kf1 {[%clk 0:02:04]} Kg7
{[%clk 0:03:09]} 35. h3 {[%clk 0:02:10]} h5 {[%clk 0:03:18]} 36. f4
{[%clk 0:01:53]} g4 {[%clk 0:01:52]} 37. hxg4 {[%clk 0:01:54]} hxg4
{[%clk 0:02:20]} 38. g3 {[%clk 0:01:36]} Ne2 {[%clk 0:02:23]} 39. Ng2
{[%clk 0:01:00]} Nxg3+ {[%clk 0:01:50]} 40. Kg1 {[%clk 0:01:19]} Nxe4
{[%clk 0:01:22]} 41. Ne3 {[%clk 0:46:30]} g3 {[%clk 0:41:57]} 42. Nf1
{[%clk 0:42:48]} Re2 {[%clk 0:35:56]} 43. b3 {[%clk 0:36:57]} g2 {[%clk 0:31:17]}
44. bxa4 {[%clk 0:34:11]} gxf1=Q+ {[%clk 0:29:14]} 45. Kxf1 {[%clk 0:33:49]} Ng3+
{[%clk 0:25:41]} 46. Kg1 {[%clk 0:33:47]} bxa4 {[%clk 0:25:58]} 0-1

[Event "Hastings International Chess Congress"]
[Site "?"]
[Date "2014.12.29"]
[Round "1.27"]
[White "Bellin, Robert"]
[Black "Cafferty, Bernard"]
[Result "1/2-1/2"]
[LiveChessVersion "1.4.4"]
[BlackElo "2095"]
[WhiteElo "2338"]

1. d4 {[%clk 1:40:04]} Nf6 2. Nc3 {[%clk 1:39:29]} e6 {[%clk 1:40:11]} 3. e4
{[%clk 1:39:45]} d5 {[%clk 1:40:24]} 4. Bg5 {[%clk 1:35:07]} Bb4 {[%clk 1:40:08]}
5. e5 {[%clk 1:32:50]} h6 {[%clk 1:40:19]} 6. Bd2 {[%clk 1:31:25]} Bxc3
{[%clk 1:40:29]} 7. Bxc3 {[%clk 1:29:52]} Ne4 {[%clk 1:40:36]} 8. Bb4
{[%clk 1:29:56]} c5 {[%clk 1:40:26]} 9. Bxc5 {[%clk 1:30:14]} Nxc5
{[%clk 1:40:25]} 10. dxc5 {[%clk 1:30:38]} Nc6 {[%clk 1:39:49]} 11. Nf3
{[%clk 1:30:55]} Qa5+ {[%clk 1:38:39]} 12. c3 {[%clk 1:30:24]} Qxc5
{[%clk 1:38:50]} 13. Bd3 {[%clk 1:30:34]} Bd7 {[%clk 1:37:03]} 14. O-O
{[%clk 1:28:15]} O-O {[%clk 1:32:04]} 15. Qe2 {[%clk 1:25:46]} f5
{[%clk 1:20:31]} 16. a3 {[%clk 1:11:08]} a5 {[%clk 1:13:30]} 17. Rac1
{[%clk 0:59:55]} a4 {[%clk 1:07:49]} 18. Rfe1 {[%clk 0:55:52]} Qb6
{[%clk 1:00:31]} 19. Qe3 {[%clk 0:49:48]} Qxe3 {[%clk 0:55:14]} 20. Rxe3
{[%clk 0:50:10]} Rfc8 {[%clk 0:55:01]} 21. Ree1 {[%clk 0:47:59]} Ra5
{[%clk 0:53:30]} 22. Nd4 {[%clk 0:29:52]} Rc5 {[%clk 0:50:08]} 23. b4
{[%clk 0:30:03]} Nxd4 {[%clk 0:50:14]} 24. bxc5 {[%clk 0:30:29]} Nb3
{[%clk 0:50:28]} 25. Rc2 {[%clk 0:29:58]} Nxc5 {[%clk 0:48:59]} 26. Bf1
{[%clk 0:28:18]} b5 {[%clk 0:37:35]} 27. Re3 {[%clk 0:18:49]} Nb3
{[%clk 0:28:06]} 28. Rce2 {[%clk 0:08:34]} Be8 {[%clk 0:19:49]} 29. Re1
{[%clk 0:07:31]} Nd2 {[%clk 0:17:32]} 30. Rd1 {[%clk 0:06:10]} f4
{[%clk 0:10:49]} 31. Rh3 {[%clk 0:06:24]} Ne4 {[%clk 0:10:22]} 32. Rd4
{[%clk 0:03:21]} 1/2-1/2